000 00864nab a2200265 4500
003 BR-BrBNA
005 20250213120651.0
008 250213b bl.||||| |||| 00| 0 por d
040 _aBR-BrBNA
_bpor
072 _aD10 ; A50
100 _aEvaristo, Tina
245 _aO tesouro da Embrapa
_bAgrotecnologia
500 _a7 illus.
650 _aINSTITUIÇÃO DE PESQUISA
650 _aPESQUISA AGRÍCOLA
650 _aPESQUISA PECUÁRIA
650 _aBIOTECNOLOGIA
650 _aCLONAGEM
650 _aMELHORAMENTO GENÉTICO ANIMAL
650 _aMELHORAMENTO GENÉTICO VEGETAL
650 _aEMBRAPA
773 0 _01706
_9347437
_dSão Paulo-SP Editora Três Ltda - E-mail: luizfsa@revistadinheiro.com.br 2004
_o2024-8528
_tDinheiro Rural (Brazil)
_x1807-3700
_gv. 2(3) p. 42-44; (Jan 2005)
_wBR2024004722
942 _cANA
999 _c329956
_d329956